|
|
|
|
| LEADER |
00000cam a22000004a 4500 |
| 001 |
musev2_5339 |
| 003 |
MdBmJHUP |
| 005 |
20230905040633.0 |
| 006 |
m o d |
| 007 |
cr||||||||nn|n |
| 008 |
091117s2010 ohu o 00 0 eng d |
| 010 |
|
|
|z 2009047068
|
| 020 |
|
|
|a 9781612775494
|
| 020 |
|
|
|z 1612775497
|
| 020 |
|
|
|z 9781606350324
|
| 035 |
|
|
|a (OCoLC)746880433
|
| 040 |
|
|
|a MdBmJHUP
|c MdBmJHUP
|
| 043 |
|
|
|a n-us---
|
| 050 |
0 |
4 |
|a PS1137
|b .K36 2010
|
| 082 |
0 |
|
|a 813/.2
|2 22
|
| 100 |
1 |
|
|a Kamrath, Mark.
|
| 245 |
1 |
4 |
|a The Historicism of Charles Brockden Brown :
|b Radical History and the Early Republic /
|c Mark L. Kamrath.
|
| 264 |
|
1 |
|a Kent, Ohio :
|b Kent State University Press,
|c 2010.
|
| 264 |
|
3 |
|a Baltimore, Md. :
|b Project MUSE,
|c 2012
|
| 264 |
|
4 |
|c ©2010.
|
| 300 |
|
|
|a 1 online resource (352 pages):
|b ill. ;
|
| 336 |
|
|
|a text
|b txt
|2 rdacontent
|
| 337 |
|
|
|a computer
|b c
|2 rdamedia
|
| 338 |
|
|
|a online resource
|b cr
|2 rdacarrier
|
| 504 |
|
|
|a Includes bibliographical references and index.
|
| 505 |
0 |
|
|a Part 1. Remembering the past: European and colonial traditions; "Domestic history" and the Republican novel -- Part 2. Historiography and the "art of the historian": Historical representation in the Monthly magazine and American review and the Literary magazine and American register; The historical sketches-and "a government, ecclesiastical and civil"; Empire and the "annals of Europe" -- Part 3. The politics of history: American exceptionalism and the "annals of America"; constitutional limits-and "liberalism".
|
| 588 |
|
|
|a Description based on print version record.
|
| 600 |
1 |
0 |
|a Brown, Charles Brockden,
|d 1771-1810
|x Knowledge
|x United States.
|
| 600 |
1 |
0 |
|a Brown, Charles Brockden,
|d 1771-1810
|x Knowledge
|x History.
|
| 600 |
1 |
0 |
|a Brown, Charles Brockden,
|d 1771-1810
|x Criticism and interpretation.
|
| 650 |
|
0 |
|a Literature and history
|z United States
|x History
|y 19th century.
|
| 650 |
|
0 |
|a Historicism in literature.
|
| 650 |
|
0 |
|a History in literature.
|
| 651 |
|
0 |
|a United States
|x History
|x Philosophy.
|
| 651 |
|
0 |
|a United States
|x In literature.
|
| 655 |
|
7 |
|a Electronic books.
|2 local
|
| 710 |
2 |
|
|a Project Muse.
|e distributor
|
| 830 |
|
0 |
|a Book collections on Project MUSE.
|
| 856 |
4 |
0 |
|z Texto completo
|u https://projectmuse.uam.elogim.com/book/5339/
|
| 945 |
|
|
|a Project MUSE - Custom Collection
|
| 945 |
|
|
|a Project MUSE - 2010 Literature
|
| 945 |
|
|
|a Project MUSE - 2010 Complete
|